000
00329nam a2200145Ia 4500
100
_a
Han/Jiawel/ Kamber M
250
_a
2
942
_c
RB
654
_a
mining
245
_a
Data mining:Concepts and techniques
260
_b
Morgan Kaufman
_a
New Delhi
_c
2006
082
_a
005.74/HAN
_b
HAN
300
_a
770
546
_a
ENGLISH
999
_c
34030
_d
34030